1932 1191 1429 1478 1215 1077 1922 1936 1543 1168 1063 1458 1092 1555 1930 1706 1310 1823 1022 1567 1286 1399 1107 1053 1726 1787 1799 1990 1681 1041 1946 1471 1645 1994 1595 1905 1205 1089 1639 1962 1366 1152 1992 1054 1688 1283 1844 1889 1048 1155 1443 1524 1365 1961 1757 1367 1670 1287 1663 1335 1438 1983 1372 1770 1753 1064 1987 1844 1202 1354 1726 1083 1241 1057 1712 1253 1010 1432 1107 1805 1128 1056 1458 1465 1704 1621 1541 1827 1074 1687 1277 1937 1176 1671 1572 1143 1344 1816 1099 BCNSPRNW ULIB Ver.6.0+V

เปลี่ยนเป็นภาษาไทย

Change to English
 แสดงรายละเอียดบรรณานุกรม
  กลับหน้าหลัก

Brief Record : Get Marc (ISO 2709) : E-mail record : QR code < ปิดหน้าต่าง
LEADER : 00000nam 2200000uu 4500
001    13399121487
003     ULIB
008    121121s2551||||th 000 0 tha d
020    ^a9789742892173
050 04 ^aSD414.T5^bธ468ม
100 0  ^aธัญนันท์ วีระกุล
245 00 ^aไม้มงคล
250    ^aพิมพ์ครั้งแรก
260    ^aกรุงเทพฯ:^bบ้านและสวน,^c2551
300    ^a164 หน้า,^bภาพประกอบ (สี)
650  7 ^aไม้มงคล
650  7 ^aความเชื่อ
650  7 ^aไม้ประดับ
945    ^p350^l0^i15050
995    ^aวิภา
999    ^aวิภา
รายการนี้ยังไม่มีแท็ก
คุณยังไม่ได้ล็อกอิน คุณสามารถมีกิจกรรมร่วมกับเว็บไซต์ได้ แต่ต้องล็อกอินก่อน ::
  ล็อกอิน

รายการสื่อสารสนเทศ

ลำดับที่ ประเภท เลขเรียก/บาร์โค้ด สถานที่ สถานะ
1. วิทยาศาสตร์การแพทย์ และสุขภาพ
วิทยาศาสตร์การแพทย์ และสุขภาพ
SD414.T5 ธ468ม  
  Barcode: 15050
ห้องสมุดวิทยาเขตสวรรค์ประชารักษ์
►หนังสือทั่วไป
บนชั้น

รายการใกล้เคียง
    ชื่อเรื่อง [ไม้มงคล]

    หัวเรื่อง [ไม้มงคล]
    หัวเรื่อง [ความเชื่อ]
    หัวเรื่อง [ไม้ประดับ]

BibComment


ยังไม่เคยถูกคอมเมนท์

คอมเมนท์ทรัพยากรรายการนี้
  คอมเมนท์: ไม้มงคล


 Copyright 2026. Bcnsprnw @Library